Ambulantné monitorovanie elektrokardiogramu u pacientov po prekonanom infarkte myokardu

Podrobná bibliografia
Hlavní autori: Dukát, Andrej, 1950- (Autor), Mikeš, Zoltán, 1940- (Autor), Kolesár, Juraj, 1924-2004 (Autor), Lietava, J. (Autor), Gavorník, Peter, 1948- (Autor), Eisner, J. (Autor), Zvonár, Ján, 1951-2023 (Autor)
Médium: Článok
Jazyk:slovenčina
Fyzický popis:Tb. 2. Graf 1., lit. 25 zázn. v slov., ruš., angl.
Predmet:

MARC

LEADER 00000nab a2200000 a 4500
001 vtls000307713
003 SK-MaSNL
005 20260303182543.0
008 220422c1988 xo 0 slo
015 |a SNBRB19rr/mm-uuuuu 
035 |a CL0317832 
040 |a SNKBUCL  |b slo  |c SNKBUCL  |e AACR2 
041 0 |a slo 
044 |a xo  |c SK 
080 |a 616.127-005.8  |2 1981 
080 |a 616.12-073.97  |2 1981 
245 0 0 |a Ambulantné monitorovanie elektrokardiogramu u pacientov po prekonanom infarkte myokardu  |c A. Dukát ... [et al.] 
300 |b Tb. 2. Graf 1., lit. 25 zázn. v slov., ruš., angl. 
650 0 7 |a srdce  |2 snkbucl  |9 13574 
650 0 7 |a infarkt myokardu  |2 snkbucl  |9 2496 
655 7 |a články z novín a časopisov  |2 snkbucl  |9 267496 
700 1 |a Dukát, Andrej,  |d 1950-  |4 aut  |9 194267 
700 1 |a Mikeš, Zoltán,  |d 1940-  |4 aut 
700 1 |a Kolesár, Juraj,  |d 1924-2004  |4 aut  |9 151118 
700 1 |a Lietava, J.  |4 aut  |9 468550 
700 1 |a Gavorník, Peter,  |d 1948-  |4 aut  |9 201242 
700 1 |a Eisner, J.  |4 aut  |9 923874 
700 1 |a Zvonár, Ján,  |d 1951-2023  |4 aut  |9 197339 
773 0 |t Praktický lékař  |g Roč. 68, č. 2 (1988), s. 59-61 
850 |a Slovenská národná knižnica v Martine  |a MTA001 
852 |a SNK  |b KIS3GCP 
958 |a NB 
958 |a RK 
958 |a ME 
992 |a RBX 
999 |c 2117439  |d 2119369